[Event "DSJ Weihnachtsturnier U16: Lasker 2020"]
[Site ""]
[Date "2020.12.28"]
[Round "1"]
[White "Toval, David"]
[Black "Hoffmann, Alexander"]
[Result "1-0"]
[Termination "normal"]
[Board "5.3"]
[WhiteElo "1857"]
[BlackElo "1554"]
[WhiteTeam "Schachklub Münster 32"]
[BlackTeam "Karlsruher SF 1853 2"]
[PlyCount "53"]
[WhiteFideId "12992755"]
[BlackFideId "16240219"]
[EventRounds "7"]
[EventType "team-swiss"]
[EventDate "2020.12.28"]

1. e4 {[%emt 0:00:16]} e5 {[%emt 0:00:03]} 2. Nf3 {[%emt 0:00:01]} Nc6 { [%emt
0:00:02]} 3. Bb5 {[%emt 0:00:02]} a6 {[%emt 0:00:03]} 4. Ba4 {[%emt 0:00:02]}
Nf6 {[%emt 0:00:04]} 5. O-O {[%emt 0:00:03]} b5 {[%emt 0:00:13]} 6. Bb3 { [%emt
0:00:03]} Be7 {[%emt 0:00:01]} 7. Re1 {[%emt 0:00:03]} O-O {[%emt 0:00:02]} 8.
h3 {[%emt 0:00:01]} d6 {[%emt 0:00:09]} 9. c3 {[%emt 0:00:04]} Be6 { [%emt
0:00:05]} 10. d4 {[%emt 0:00:07]} exd4 {[%emt 0:00:50]} 11. cxd4 { [%emt
0:00:07]} d5 {[%emt 0:00:35]} 12. e5 {[%emt 0:00:14]} Nd7 {[%emt 0:00:02] } 13.
Nc3 {[%emt 0:00:38]} Nb6 {[%emt 0:00:04]} 14. a4 {[%emt 0:00:28]} b4 { [%emt
0:00:46]} 15. Ne2 {[%emt 0:00:09]} Qd7 {[%emt 0:00:51]} 16. Ng5 {[%emt
0:00:59]} h6 {[%emt 0:00:17]} 17. Nxe6 {[%emt 0:00:06]} fxe6 {[%emt 0:00:00]}
18. Qd3 {[%emt 0:00:49]} Na5 {[%emt 0:01:08]} 19. Bc2 {[%emt 0:00:06]} Rf5 {
[%emt 0:01:26]} 20. g4 {[%emt 0:01:04] Karlsru5-003 reconnected.} Rxf2 { [%emt
0:01:58]} 21. Qh7+ {[%emt 0:00:35]} Kf8 {[%emt 0:00:13] Muenst3-003
reconnected.} 22. Kxf2 {[%emt 0:01:22]} Bh4+ {[%emt 0:00:23]} 23. Ng3 {[%emt
0:00:17]} Qf7+ {[%emt 0:00:30]} 24. Kg2 {[%emt 0:00:08]} Ke7 {[%emt 0:00:09]}
25. Rf1 {[%emt 0:00:48]} Qe8 {[%emt 0:00:20]} 26. Qxg7+ {[%emt 0:00:09]} Kd8 {
[%emt 0:00:04]} 27. Rf8 {[%emt 0:00:08]} 1-0

[Event "DSJ Weihnachtsturnier U16: Lasker 2020"]
[Site ""]
[Date "2020.12.28"]
[Round "1"]
[White "Liu, Leon"]
[Black "Weidemann, Jakob"]
[Result "0-1"]
[Termination "normal"]
[Board "5.4"]
[WhiteElo "1230"]
[BlackElo "1570"]
[WhiteTeam "Karlsruher SF 1853 2"]
[BlackTeam "Schachklub Münster 32"]
[PlyCount "112"]
[WhiteFideId "16275047"]
[BlackFideId "16255470"]
[EventRounds "7"]
[EventType "team-swiss"]
[EventDate "2020.12.28"]

1. e4 {[%emt 0:00:10]} c5 {[%emt 0:00:03]} 2. Nf3 {[%emt 0:00:02]} d6 {[%emt
0:00:03]} 3. d4 {[%emt 0:00:03]} cxd4 {[%emt 0:00:08]} 4. Nxd4 {[%emt 0:00:02]}
Nf6 {[%emt 0:00:06]} 5. Nc3 {[%emt 0:00:05]} g6 {[%emt 0:00:01]} 6. Bd3 { [%emt
0:00:13]} Bg7 {[%emt 0:00:08]} 7. Nb3 {[%emt 0:00:05]} Nc6 {[%emt 0:00:06]} 8.
O-O {[%emt 0:00:07]} O-O {[%emt 0:00:06]} 9. f4 {[%emt 0:00:28]} Bg4 { [%emt
0:00:28]} 10. Qd2 {[%emt 0:00:21]} Nb4 {[%emt 0:00:08]} 11. f5 {[%emt 0:00:26]}
Nxd3 {[%emt 0:00:14]} 12. cxd3 {[%emt 0:00:05]} b5 {[%emt 0:00:12]} 13. h3
{[%emt 0:00:17]} Qb6+ {[%emt 0:00:27]} 14. Kh1 {[%emt 0:00:19]} b4 {[%emt
0:00:06]} 15. Nd5 {[%emt 0:00:28]} Nxd5 {[%emt 0:00:13]} 16. exd5 {[%emt
0:00:31] } Bxf5 {[%emt 0:00:04]} 17. g4 {[%emt 0:00:15]} Bd7 {[%emt 0:00:11]}
18. Qf2 { [%emt 0:00:33]} Qxf2 {[%emt 0:00:13]} 19. Rxf2 {[%emt 0:00:02]} a5
{[%emt 0:00:01]} 20. Nd2 {[%emt 0:00:13]} a4 {[%emt 0:00:17]} 21. Nc4 {[%emt
0:00:10]} a3 { [%emt 0:00:09]} 22. Rb1 {[%emt 0:00:17]} axb2 {[%emt 0:00:02]}
23. Bxb2 { [%emt 0:00:41]} Rxa2 {[%emt 0:00:02]} 24. Kg1 {[%emt 0:00:05]} Rxb2
{[%emt 0:00:18]} 25. Rbxb2 {[%emt 0:00:08]} Bd4 {[%emt 0:00:06]} 26. Rxb4
{[%emt 0:00:18]} Ra8 {[%emt 0:00:16]} 27. Rb1 {[%emt 0:00:30]} Ra2 {[%emt
0:00:06]} 28. Nb2 {[%emt 0:00:06]} Bxf2+ {[%emt 0:00:19]} 29. Kxf2 {[%emt
0:00:04]} Ba4 {[%emt 0:00:02]} 30. Ke3 {[%emt 0:00:36]} Bc2 {[%emt 0:00:02]}
31. Rc1 {[%emt 0:00:27]} Rxb2 {[%emt 0:00:12]} 32. Kd4 {[%emt 0:00:09]} Bb3
{[%emt 0:00:19]} 33. Kc3 { [%emt 0:00:06]} Rc2+ {[%emt 0:00:21]} 34. Rxc2
{[%emt 0:00:05]} Bxc2 {[%emt 0:00:02]} 35. Kxc2 {[%emt 0:00:01]} Kg7 {[%emt
0:00:37]} 36. d4 {[%emt 0:00:05]} Kf6 {[%emt 0:00:08]} 37. h4 {[%emt 0:00:03]}
h5 {[%emt 0:00:03]} 38. gxh5 { [%emt 0:00:08]} gxh5 {[%emt 0:00:01]} 39. Kd2
{[%emt 0:00:01]} Kf5 {[%emt 0:00:02]} 40. Ke3 {[%emt 0:00:01]} Kg4 {[%emt
0:00:01]} 41. Kf2 {[%emt 0:00:01]} Kxh4 {[%emt 0:00:01]} 42. Kf3 {[%emt
0:00:01]} Kg5 {[%emt 0:00:02]} 43. Kg3 { [%emt 0:00:03]} Kf5 {[%emt 0:00:01]}
44. Kh4 {[%emt 0:00:04]} Ke4 {[%emt 0:00:01]} 45. Kxh5 {[%emt 0:00:01]} Kxd5
{[%emt 0:00:04]} 46. Kg5 {[%emt 0:00:01]} Kxd4 {[%emt 0:00:01]} 47. Kf5 {[%emt
0:00:01]} e5 {[%emt 0:00:01]} 48. Kf6 { [%emt 0:00:02]} e4 {[%emt 0:00:01]} 49.
Kxf7 {[%emt 0:00:01]} e3 {[%emt 0:00:00]} 50. Ke6 {[%emt 0:00:01]} e2 {[%emt
0:00:00]} 51. Kxd6 {[%emt 0:00:01]} e1=Q {[%emt 0:00:01]} 52. Kc6 {[%emt
0:00:01]} Qe5 {[%emt 0:00:01]} 53. Kd7 { [%emt 0:00:01]} Kc5 {[%emt 0:00:02]}
54. Kd8 {[%emt 0:00:03]} Qg7 {[%emt 0:00:02]} 55. Ke8 {[%emt 0:00:02]} Kd6
{[%emt 0:00:01]} 56. Kd8 {[%emt 0:00:02]} Qd7# {[%emt 0:00:00]} 0-1

[Event "DSJ Weihnachtsturnier U16: Lasker 2020"]
[Site ""]
[Date "2020.12.28"]
[Round "1"]
[White "Maas, Kolja"]
[Black "Koll, Linus"]
[Result "0-1"]
[Termination "normal"]
[Board "6.1"]
[WhiteElo "1559"]
[BlackElo "1963"]
[WhiteTeam "Lübecker SV von 1873 2"]
[BlackTeam "Karlsruher SF 1853"]
[PlyCount "128"]
[WhiteFideId "16220420"]
[BlackFideId "12990299"]
[EventRounds "7"]
[EventType "team-swiss"]
[EventDate "2020.12.28"]

1. e4 {[%emt 0:00:17]} c5 {[%emt 0:00:02]} 2. Nf3 {[%emt 0:00:02]} d6 {[%emt
0:00:02]} 3. d4 {[%emt 0:00:02]} cxd4 {[%emt 0:00:01]} 4. Nxd4 {[%emt 0:00:01]}
Nf6 {[%emt 0:00:03]} 5. Nc3 {[%emt 0:00:02]} g6 {[%emt 0:00:05]} 6. Bd3 { [%emt
0:00:05]} Bg7 {[%emt 0:00:02]} 7. Be3 {[%emt 0:00:02]} O-O {[%emt 0:00:02]} 8.
O-O {[%emt 0:00:03]} Nc6 {[%emt 0:00:01]} 9. Qd2 {[%emt 0:00:16]} Ng4 { [%emt
0:00:21]} 10. Bb5 {[%emt 0:00:28]} Nxe3 {[%emt 0:00:35]} 11. fxe3 { [%emt
0:00:11]} Bd7 {[%emt 0:00:15]} 12. Rf3 {[%emt 0:00:28]} a6 {[%emt 0:00:24]} 13.
Nxc6 {[%emt 0:00:13]} bxc6 {[%emt 0:00:06]} 14. Bc4 {[%emt 0:00:08]} Qa5 {[%emt
0:00:07]} 15. Raf1 {[%emt 0:00:36]} Be8 {[%emt 0:00:03]} 16. a3 { [%emt
0:00:12]} Rd8 {[%emt 0:00:46]} 17. Qf2 {[%emt 0:00:31]} d5 {[%emt 0:00:15]} 18.
exd5 {[%emt 0:00:08]} cxd5 {[%emt 0:00:03]} 19. b4 {[%emt 0:00:43]} Qc7 {[%emt
0:00:23]} 20. Nxd5 {[%emt 0:01:53]} Qxc4 {[%emt 0:00:04]} 21. Nxe7+ {[%emt
0:00:02]} Kh8 {[%emt 0:00:01]} 22. Rf4 {[%emt 0:00:21]} Qe6 {[%emt 0:00:45]}
23. Qh4 {[%emt 0:00:40]} g5 {[%emt 0:02:33]} 24. Qxg5 {[%emt 0:01:06]} f6
{[%emt 0:00:28]} 25. Qc5 {[%emt 0:00:39]} Qd6 {[%emt 0:02:05]} 26. Qxd6 { [%emt
0:01:04]} Rxd6 {[%emt 0:00:02]} 27. Rd4 {[%emt 0:00:02]} Re6 {[%emt 0:00:20]}
28. Nf5 {[%emt 0:00:03]} Bg6 {[%emt 0:00:05]} 29. Nxg7 {[%emt 0:00:02]} Kxg7
{[%emt 0:00:01]} 30. Rd7+ {[%emt 0:00:04]} Rf7 {[%emt 0:00:01]} 31. Rfd1 {
[%emt 0:00:02]} Bxc2 {[%emt 0:00:03]} 32. Rxf7+ {[%emt 0:00:02]} Kxf7 {[%emt
0:00:01]} 33. Rd7+ {[%emt 0:00:02]} Kg6 {[%emt 0:00:03]} 34. Kf2 {[%emt
0:00:02]} Bf5 {[%emt 0:00:01]} 35. Ra7 {[%emt 0:00:02]} Rc6 {[%emt 0:00:04]}
36. Kf3 { [%emt 0:00:03]} Bd3 {[%emt 0:00:05]} 37. g4 {[%emt 0:00:07]} h5
{[%emt 0:00:03] } 38. h3 {[%emt 0:00:04]} Bf1 {[%emt 0:00:05]} 39. gxh5+ {[%emt
0:00:02]} Kxh5 {[%emt 0:00:01]} 40. Rh7+ {[%emt 0:00:01]} Kg6 {[%emt 0:00:01]}
41. Ra7 { [%emt 0:00:01]} Bxh3 {[%emt 0:00:02]} 42. Ke4 {[%emt 0:00:01]} Bg2+
{[%emt 0:00:03]} 43. Kd4 {[%emt 0:00:01]} Kf5 {[%emt 0:00:01]} 44. a4 {[%emt
0:00:05]} Rd6+ {[%emt 0:00:15]} 45. Kc5 {[%emt 0:00:03]} Rc6+ {[%emt 0:00:04]}
46. Kd4 { [%emt 0:00:02]} Ke6 {[%emt 0:00:08]} 47. b5 {[%emt 0:00:02]} axb5
{[%emt 0:00:02]} 48. axb5 {[%emt 0:00:00]} Rb6 {[%emt 0:00:01]} 49. Kc5 {[%emt
0:00:01]} Rb8 {[%emt 0:00:03]} 50. b6 {[%emt 0:00:02]} Ke5 {[%emt 0:00:01]} 51.
Re7+ { [%emt 0:00:02]} Kf5 {[%emt 0:00:01]} 52. Rc7 {[%emt 0:00:02]} Bf3 {[%emt
0:00:03]} 53. Re7 {[%emt 0:00:04]} Rb7 {[%emt 0:00:03]} 54. Kb5 {[%emt
0:00:03]} Rxe7 {[%emt 0:00:02]} 55. Ka6 {[%emt 0:00:03]} Rxe3 {[%emt 0:00:02]}
56. b7 { [%emt 0:00:00]} Ra3+ {[%emt 0:00:01]} 57. Kb6 {[%emt 0:00:02]} Rb3+
{[%emt 0:00:01]} 58. Ka6 {[%emt 0:00:01]} Bxb7+ {[%emt 0:00:02]} 59. Ka5 {[%emt
0:00:01] } Bc8 {[%emt 0:00:02]} 60. Ka4 {[%emt 0:00:01]} Rb7 {[%emt 0:00:01]}
61. Ka5 { [%emt 0:00:01]} Ke5 {[%emt 0:00:01]} 62. Ka4 {[%emt 0:00:01]} Kd5
{[%emt 0:00:01]} 63. Ka5 {[%emt 0:00:00]} Kc4 {[%emt 0:00:01]} 64. Ka4 {[%emt
0:00:00]} Ra7# {[%emt 0:00:01]} 0-1

[Event "DSJ Weihnachtsturnier U16: Lasker 2020"]
[Site ""]
[Date "2020.12.28"]
[Round "1"]
[White "Wang, Xinyuan"]
[Black "Paulsen, Niels-Martin"]
[Result "1-0"]
[Termination "normal"]
[Board "6.2"]
[WhiteElo "1759"]
[BlackElo "1588"]
[WhiteTeam "Karlsruher SF 1853"]
[BlackTeam "Lübecker SV von 1873 2"]
[PlyCount "63"]
[WhiteFideId "16221494"]
[BlackFideId "16214994"]
[EventRounds "7"]
[EventType "team-swiss"]
[EventDate "2020.12.28"]

1. d4 {[%emt 0:00:03]} d5 {[%emt 0:00:09]} 2. c4 {[%emt 0:00:02]} Nf6 {[%emt
0:00:06]} 3. cxd5 {[%emt 0:00:03]} Qxd5 {[%emt 0:00:07]} 4. Nc3 {[%emt
0:00:05]} Qd8 {[%emt 0:00:03]} 5. Nf3 {[%emt 0:00:12]} Bg4 {[%emt 0:00:11]} 6.
e3 { [%emt 0:00:09]} e6 {[%emt 0:00:03]} 7. Be2 {[%emt 0:00:08]} Bb4 {[%emt
0:00:07] } 8. O-O {[%emt 0:00:02]} O-O {[%emt 0:00:13]} 9. h3 {[%emt 0:00:21]}
Bh5 { [%emt 0:00:05]} 10. Ne5 {[%emt 0:00:11]} Bxe2 {[%emt 0:00:16]} 11. Nxe2 {
[%emt 0:00:00]} Nbd7 {[%emt 0:00:10]} 12. Nd3 {[%emt 0:00:14]} Nd5 {[%emt
0:00:00]} 13. a3 {[%emt 0:00:08]} Bd6 {[%emt 0:00:25]} 14. e4 {[%emt 0:00:29]}
N5b6 {[%emt 0:00:30]} 15. b4 {[%emt 0:00:08]} Qh4 {[%emt 0:00:44]} 16. e5
{[%emt 0:01:02]} Be7 {[%emt 0:00:11]} 17. Bf4 {[%emt 0:00:33]} Nd5 {[%emt
0:00:14]} 18. Bg3 {[%emt 0:00:02]} Qh6 {[%emt 0:00:59]} 19. Rc1 {[%emt
0:00:23]} Rac8 { [%emt 0:00:04]} 20. Nc3 {[%emt 0:00:41]} N7b6 {[%emt 0:00:35]}
21. Nxd5 { [%emt 0:00:53]} Nxd5 {[%emt 0:00:10]} 22. Nc5 {[%emt 0:00:02]} b6
{[%emt 0:00:19]} 23. Ne4 {[%emt 0:00:04]} Rfd8 {[%emt 0:01:00]} 24. Qf3 {[%emt
0:00:49]} f6 {[%emt 0:01:03]} 25. exf6 {[%emt 0:00:50]} Bxf6 {[%emt 0:00:46]}
26. Nxf6+ { [%emt 0:00:05]} Nxf6 {[%emt 0:00:21]} 27. Be5 {[%emt 0:00:25]} Rf8
{[%emt 0:00:28]} 28. Qc6 {[%emt 0:00:23]} Nd5 {[%emt 0:00:29]} 29. Rfe1 {[%emt
0:00:33]} Ne7 {[%emt 0:00:25]} 30. Qd7 {[%emt 0:00:14]} Rfe8 {[%emt 0:00:11]}
31. Rxc7 { [%emt 0:00:18]} Rxc7 {[%emt 0:00:20]} 32. Qxe8# {[%emt 0:00:17]} 1-0

[Event "DSJ Weihnachtsturnier U16: Lasker 2020"]
[Site ""]
[Date "2020.12.28"]
[Round "1"]
[White "Monakhov, Boris"]
[Black "Hänselmann, Hendrik"]
[Result "0-1"]
[Termination "normal"]
[Board "6.3"]
[WhiteElo "1634"]
[BlackElo "1828"]
[WhiteTeam "Lübecker SV von 1873 2"]
[BlackTeam "Karlsruher SF 1853"]
[PlyCount "50"]
[WhiteFideId "16297415"]
[BlackFideId "16232755"]
[EventRounds "7"]
[EventType "team-swiss"]
[EventDate "2020.12.28"]

1. e4 {[%emt 0:00:09]} c5 {[%emt 0:00:02]} 2. Nf3 {[%emt 0:00:01]} e6 {[%emt
0:00:05]} 3. d4 {[%emt 0:00:08]} cxd4 {[%emt 0:00:06]} 4. Nxd4 {[%emt 0:00:00]}
Nf6 {[%emt 0:00:13]} 5. Nc3 {[%emt 0:00:02]} Nc6 {[%emt 0:00:05]} 6. Nb3 {
[%emt 0:00:05]} Bb4 {[%emt 0:00:03]} 7. Bd2 {[%emt 0:00:24]} O-O {[%emt
0:00:19]} 8. a3 {[%emt 0:00:08]} Bxc3 {[%emt 0:00:06]} 9. Bxc3 {[%emt 0:00:00]}
Nxe4 {[%emt 0:00:02]} 10. Qd3 {[%emt 0:00:13]} d5 {[%emt 0:00:40]} 11. f3
{[%emt 0:00:19]} Qh4+ {[%emt 0:00:21]} 12. g3 {[%emt 0:00:10]} Nxg3 {[%emt
0:00:02]} 13. hxg3 {[%emt 0:00:06]} Qxh1 {[%emt 0:00:02]} 14. O-O-O {[%emt
0:00:01]} Qh6+ { [%emt 0:00:11]} 15. Bd2 {[%emt 0:00:03]} Qg6 {[%emt 0:00:20]}
16. Qe2 {[%emt 0:00:18]} b6 {[%emt 0:00:30]} 17. Qh2 {[%emt 0:00:10]} e5 {[%emt
0:00:34]} 18. Bd3 {[%emt 0:00:25]} Bf5 {[%emt 0:00:34]} 19. Bxf5 {[%emt
0:00:22]} Qxf5 { [%emt 0:00:04]} 20. Rh1 {[%emt 0:00:14]} Rac8 {[%emt 0:00:16]}
21. g4 {[%emt 0:00:06]} Qg6 {[%emt 0:00:06]} 22. f4 {[%emt 0:00:18]} exf4
{[%emt 0:00:22]} 23. Bxf4 {[%emt 0:00:04]} d4 {[%emt 0:00:04]} 24. Nd2 {[%emt
0:00:34]} Nb4 { [%emt 0:00:44]} 25. Nf3 {[%emt 0:00:35]} Rxc2+ {[%emt 0:00:09]}
0-1

[Event "DSJ Weihnachtsturnier U16: Lasker 2020"]
[Site ""]
[Date "2020.12.28"]
[Round "1"]
[White "Glowiak, Alexandra"]
[Black "Sabirov, Rafael"]
[Result "0-1"]
[Termination "time forfeit"]
[Board "7.2"]
[WhiteElo "1413"]
[BlackElo "1635"]
[WhiteTeam "Schachfr. Bischofswerda"]
[BlackTeam "Schachgemeinschaft Porz"]
[PlyCount "50"]
[WhiteFideId "16259530"]
[BlackFideId "16241185"]
[EventRounds "7"]
[EventType "team-swiss"]
[EventDate "2020.12.28"]

1. e4 {[%emt 0:00:14]} c5 {[%emt 0:00:02]} 2. Nf3 {[%emt 0:00:02]} e6 {[%emt
0:00:02]} 3. d4 {[%emt 0:00:04]} cxd4 {[%emt 0:00:03]} 4. Nxd4 {[%emt 0:00:00]}
a6 {[%emt 0:00:02]} 5. Nc3 {[%emt 0:00:06]} Qc7 {[%emt 0:00:03]} 6. f4 { [%emt
0:00:05]} b5 {[%emt 0:00:19]} 7. Be3 {[%emt 0:00:11]} Bb7 {[%emt 0:00:07] } 8.
e5 {[%emt 0:00:08]} d6 {[%emt 0:00:33]} 9. exd6 {[%emt 0:00:56]} Qxd6 { [%emt
0:01:58]} 10. Qd2 {[%emt 0:00:45]} Nf6 {[%emt 0:00:22]} 11. O-O-O { [%emt
0:00:16]} Nbd7 {[%emt 0:00:54]} 12. Nb3 {[%emt 0:01:16]} Qc7 {[%emt 0:00:34]}
13. Rg1 {[%emt 0:00:29]} Be7 {[%emt 0:00:41]} 14. g3 {[%emt 0:00:29]} Rc8
{[%emt 0:00:19]} 15. Bg2 {[%emt 0:00:51]} Bxg2 {[%emt 0:00:15]} 16. Qxg2 {
[%emt 0:00:12]} b4 {[%emt 0:00:09]} 17. Ne4 {[%emt 0:00:43]} Nd5 {[%emt
0:00:14]} 18. Bd4 {[%emt 0:00:23]} O-O {[%emt 0:00:18]} 19. h4 {[%emt 0:00:39]}
a5 { [%emt 0:00:14]} 20. Na1 {[%emt 0:00:20]} a4 {[%emt 0:00:37]} 21. Ng5
{[%emt 0:00:40]} Qc4 {[%emt 0:00:34]} 22. Qe4 {[%emt 0:00:24]} Bxg5 {[%emt
0:00:25]} 23. hxg5 {[%emt 0:00:09]} Nc5 {[%emt 0:00:48]} 24. Qe2 {[%emt
0:00:41]} Qxe2 { [%emt 0:00:06]} 25. g6 {[%emt 0:00:15]} fxg6 {[%emt 0:00:20]
TimeW} 0-1

[Event "DSJ Weihnachtsturnier U16: Lasker 2020"]
[Site ""]
[Date "2020.12.28"]
[Round "1"]
[White "Bolz, Jannis"]
[Black "Glowiak, Maximilian"]
[Result "1-0"]
[Termination "normal"]
[Board "7.3"]
[WhiteElo "1636"]
[BlackElo "1420"]
[WhiteTeam "Schachgemeinschaft Porz"]
[BlackTeam "Schachfr. Bischofswerda"]
[PlyCount "47"]
[WhiteFideId "16214897"]
[BlackFideId "16259521"]
[EventRounds "7"]
[EventType "team-swiss"]
[EventDate "2020.12.28"]

1. e4 {[%emt 0:00:53]} c5 {[%emt 0:01:49] .} 2. b4 { [%emt 0:00:14]} cxb4
{[%emt 0:00:09] .} 3. a3 {[%emt 0:00:02]} e6 {[%emt 0:00:03] .} 4. axb4 {[%emt
0:00:04]} Bxb4 {[%emt 0:00:07] .} 5. c3 {[%emt 0:00:02]} Bc5 {[%emt 0:00:05] .}
6. d4 {[%emt 0:00:02]} Bb6 {[%emt 0:00:03] .} 7. Nf3 { [%emt 0:00:22]} d5
{[%emt 0:00:04] .} 8. e5 {[%emt 0:00:06]} Ne7 {[%emt 0:00:02] .} 9. Na3 {[%emt
0:00:08]} Bd7 {[%emt 0:00:02] .} 10. Bd3 {[%emt 0:00:29]} O-O {[%emt 0:00:03]
.} 11. O-O {[%emt 0:00:02]} Nbc6 {[%emt 0:00:04] .} 12. Nb5 {[%emt 0:00:24]} a6
{[%emt 0:00:08] .} 13. Nd6 {[%emt 0:00:05]} Qb8 {[%emt 0:00:05] .} 14. Ba3
{[%emt 0:00:10]} Bc7 {[%emt 0:00:06] .} 15. Ng5 {[%emt 0:00:30]} h6 {[%emt
0:00:03] .} 16. Qh5 {[%emt 0:00:06]} Ng6 {[%emt 0:00:36] .} 17. Nf3 {[%emt
0:00:17]} Kh7 {[%emt 0:00:07] .} 18. Nh4 {[%emt 0:00:07]} Nce7 { [%emt 0:00:03]
.} 19. Nxf7 {[%emt 0:00:48]} Rxf7 {[%emt 0:00:04] .} 20. Bxe7 { [%emt 0:00:10]}
Rxe7 {[%emt 0:00:07] .} 21. Qxg6+ {[%emt 0:00:07]} Kg8 { [%emt 0:00:04]} 22.
Qh7+ {[%emt 0:00:01] .} Kf7 {[%emt 0:00:05] .} 23. Bg6+ { [%emt 0:00:04]} Kf8
{[%emt 0:00:03]} 24. Qh8# {[%emt 0:00:01]} 1-0

[Event "DSJ Weihnachtsturnier U16: Lasker 2020"]
[Site ""]
[Date "2020.12.28"]
[Round "1"]
[White "Klugstedt, Vincent"]
[Black "Borgstädt, Leif Jona"]
[Result "1-0"]
[Termination "normal"]
[Board "8.2"]
[WhiteElo "1928"]
[BlackElo "1376"]
[WhiteTeam "Schachgesellschaft Bochum 1931"]
[BlackTeam "Bielefelder Schachklub von 1883"]
[PlyCount "89"]
[WhiteFideId "16216393"]
[BlackFideId "16266153"]
[EventRounds "7"]
[EventType "team-swiss"]
[EventDate "2020.12.28"]

1. d4 {[%emt 0:00:06]} d5 {[%emt 0:00:02]} 2. c4 {[%emt 0:00:06]} c6 {[%emt
0:00:03]} 3. Nc3 {[%emt 0:00:02]} Nf6 {[%emt 0:00:13]} 4. cxd5 {[%emt 0:00:04]}
cxd5 {[%emt 0:00:07]} 5. Nf3 {[%emt 0:00:03]} Nc6 {[%emt 0:00:02]} 6. Bf4 {
[%emt 0:00:05]} e6 {[%emt 0:00:02]} 7. e3 {[%emt 0:00:02]} Bb4 {[%emt 0:00:03]}
8. Bd3 {[%emt 0:00:07]} O-O {[%emt 0:00:07]} 9. O-O {[%emt 0:00:02]} Bd7 {
[%emt 0:00:06]} 10. Qc2 {[%emt 0:00:03]} h6 {[%emt 0:00:11]} 11. a3 {[%emt
0:00:02]} Ba5 {[%emt 0:00:02]} 12. Rac1 {[%emt 0:00:12]} Bc7 {[%emt 0:00:06]}
13. Bxc7 {[%emt 0:00:05]} Qxc7 {[%emt 0:00:04]} 14. Nb5 {[%emt 0:00:01]} Qd8 {
[%emt 0:00:14]} 15. b4 {[%emt 0:00:17]} a6 {[%emt 0:00:08]} 16. Nc3 {[%emt
0:00:12]} Rc8 {[%emt 0:00:03]} 17. Qb3 {[%emt 0:00:04]} Qe7 {[%emt 0:00:13]}
18. Na4 {[%emt 0:00:05]} Qd8 {[%emt 0:00:36]} 19. Rc2 {[%emt 0:00:13]} Na7 {
[%emt 0:00:32]} 20. Rxc8 {[%emt 0:00:08]} Qxc8 {[%emt 0:00:04]} 21. Ne5 { [%emt
0:00:21]} Bb5 {[%emt 0:00:55]} 22. Nc5 {[%emt 0:00:33]} b6 {[%emt 0:00:23]} 23.
Na4 {[%emt 0:00:23]} Bxd3 {[%emt 0:00:23]} 24. Qxd3 {[%emt 0:00:12]} b5 {[%emt
0:00:04]} 25. Nc5 {[%emt 0:00:05]} Nc6 {[%emt 0:00:11]} 26. Nxc6 { [%emt
0:00:16]} Qxc6 {[%emt 0:00:07]} 27. Rc1 {[%emt 0:00:01]} Rc8 {[%emt 0:00:21]}
28. Qc3 {[%emt 0:00:06]} Nd7 {[%emt 0:00:43]} 29. Kf1 {[%emt 0:00:21]} a5
{[%emt 0:00:27]} 30. g3 {[%emt 0:00:24]} axb4 {[%emt 0:00:17]} 31. axb4 { [%emt
0:00:02]} e5 {[%emt 0:00:06]} 32. dxe5 {[%emt 0:00:13]} Nxc5 {[%emt 0:01:34]}
33. Qxc5 {[%emt 0:00:04]} Qxc5 {[%emt 0:00:05]} 34. bxc5 {[%emt 0:00:41]} Kf8
{[%emt 0:00:10]} 35. Ke2 {[%emt 0:00:01]} Ke7 {[%emt 0:00:02]} 36. Kd3 { [%emt
0:00:03]} Kd7 {[%emt 0:00:05]} 37. Kd4 {[%emt 0:00:05]} Kc6 {[%emt 0:00:04]}
38. Ra1 {[%emt 0:00:04]} b4 {[%emt 0:00:16]} 39. Ra6+ {[%emt 0:00:11]} Kb5
{[%emt 0:00:02]} 40. Rb6+ {[%emt 0:00:01]} Ka4 {[%emt 0:00:07]} 41. Kxd5 {
[%emt 0:00:01]} b3 {[%emt 0:00:07]} 42. Kc4 {[%emt 0:00:08]} Ka5 {[%emt
0:00:35]} 43. Rxb3 {[%emt 0:00:07]} Ka4 {[%emt 0:00:09]} 44. Rb7 {[%emt
0:00:04]} Rf8 {[%emt 0:00:11]} 45. Ra7# {[%emt 0:00:04]} 1-0

[Event "DSJ Weihnachtsturnier U16: Lasker 2020"]
[Site ""]
[Date "2020.12.28"]
[Round "1"]
[White "Borghini, Antoine"]
[Black "Gluma, Christian"]
[Result "0-1"]
[Termination "normal"]
[Board "8.3"]
[WhiteElo "1384"]
[BlackElo "1864"]
[WhiteTeam "Bielefelder Schachklub von 1883"]
[BlackTeam "Schachgesellschaft Bochum 1931"]
[PlyCount "40"]
[WhiteFideId "34616144"]
[BlackFideId "16223209"]
[EventRounds "7"]
[EventType "team-swiss"]
[EventDate "2020.12.28"]

1. d4 {[%emt 0:00:12]} g6 {[%emt 0:00:01]} 2. e4 {[%emt 0:00:09]} Bg7 {[%emt
0:00:02]} 3. Nf3 {[%emt 0:00:02]} c6 {[%emt 0:00:02]} 4. Bc4 {[%emt 0:00:05]}
d5 {[%emt 0:00:02]} 5. e5 {[%emt 0:00:06]} dxc4 {[%emt 0:00:05]} 6. Qe2 {[%emt
0:00:02]} Be6 {[%emt 0:00:03]} 7. Nc3 {[%emt 0:00:03]} Nh6 {[%emt 0:00:10]} 8.
O-O {[%emt 0:00:05]} O-O {[%emt 0:00:04]} 9. Be3 {[%emt 0:00:05]} Nf5 {[%emt
0:00:03]} 10. Rad1 {[%emt 0:00:09]} b5 {[%emt 0:00:04]} 11. h3 {[%emt 0:00:05]}
Nd7 {[%emt 0:00:10]} 12. Rfe1 {[%emt 0:00:06]} Nb6 {[%emt 0:00:02]} 13. a3 {
[%emt 0:00:14]} Nd5 {[%emt 0:00:04]} 14. Nxd5 {[%emt 0:00:05]} Bxd5 {[%emt
0:00:08]} 15. c3 {[%emt 0:00:23]} e6 {[%emt 0:00:07]} 16. Bf4 {[%emt 0:00:06]}
a5 {[%emt 0:00:13]} 17. Bg5 {[%emt 0:00:27]} Qb6 {[%emt 0:00:04]} 18. Nd2 {
[%emt 0:00:23]} Rfe8 {[%emt 0:00:14]} 19. Qe3 {[%emt 0:00:03]} b4 {[%emt
0:00:14]} 20. Qe2 {[%emt 0:00:07]} Rab8 {[%emt 0:00:12]} 0-1